000 005100000a22001810004500
020 _a987-9038-13-4
041 0 _aSPA
082 0 4 _aG 289.9 B2891a
100 1 _aBartleman, Frank (1871-1935)
245 1 0 _aAzusa street : El principio del pentecostalismo en el siglo XX / Frank Bartleman
260 _aBuenos Aires, Argentina : Peniel
300 _a260 Pag
001 8883
942 _cBK
999 _c38991
_d38991
336 _atexto
_btxt
_2rdacontent
337 _2rdamedia
_asin mediación
_bn
338 _2rdacarrier
_avolumen
_bnc